000 00767nam a2200193 a 4500
001 50864
005 20180714040100.0
008 140415s2004 mx 000 0 spa d
020 _a9701042395
041 _aspa
082 _a658.402
_bGUI
100 1 _aGUIZAR MONTUFAR, RAFAEL
245 1 0 _aDESARROLLO ORGANIZACIONAL
250 _a2a ed.
260 _aMEXICO :
_bMCGRAW-HILL INTERAMERICANA,
_c2004
300 _a405
_c18.8 x 2 x 23.3
520 _aLA SEGUNDA EDICION DE DESARROLLO ORGANIZACIONAL, PRESENTA UN CLARO HORIZONTE DEL NOVEDOSO CAMPO DE ESTA MATERIA, CONSIDERADO AHORA EN SU SEGUNDA GENERACION COMO ADMINISTRACION DEL CAMBIO, O TRANSFORMACION ORGANIZACIONAL, EN LAS EMPRESAS LATINOAMERICANAS.
650 1 4 _aDESARROLLO ORGANIZACIONAL
999 _c50864
_d50864